000 01100 a2200181 4500
003 Nust
005 20221219120129.0
040 _cNust
082 _a621.384,INT
100 _aInternational Telecommunication Union
_9105193
245 _aRadio regulations ;
_badditional radion regulations additional protocol /
260 _aGeneva
_bInternational Telecommunication Unio
_c1959
300 _axv , 641 p
_billus
_c24 cm
505 _aTerminology (Page-1), Frequencies (Page-21), Notification and Registration of Frequencies. International Frequency Registration Board (Page-110), Measures Against Interference (Page-144), Administrative Provisions for Stations (Page-154), Personal of Mobile Service Stations (Page-176), Working Conditions in the Mobile Services (Page-192), Distress, Alarm, Urgency and Safety (Page-252), Radio telegrams and Radio telephone Cells (Page-268), Miscellaneous Stations and Services (Page-282).
600 _aInternational Telecommunication Union
_9105193
650 _aRadio regulations ;additional radion regulations additional protocol
_9105194
942 _2ddc
_cBK
999 _c183039
_d183039